00422cam a2200169ua 45000010005000000080039000050400009000440820013000531000027000662450031000932500009001242600035001333000010001686530024001786530027002026530023002295339120821n ii |||gr||||Z||||||asm cMAIN a891.4513 aDutta, Mukut,eAuthor.1 aParibrajakcby Mukut Dutta a1st. aMargherita:bJewel Ali,c2012. a116p. aAssamese literature aAssamese short stories aAsomiya suti golpo